000 01219nam a2200241Ia 4500
003 OSt
005 20200711122300.0
008 191128s1979 ck fr 000 0 spa d
040 _aCO-JMCR
_cCO-JMCR
041 0 _aspa
082 0 4 _a338.10986 /
_bL435a
_223
100 1 _aLeal Buitrago, Francisco,
_eautor
_92405
245 1 3 _aEl agro en el desarrollo histórico colombiano :
_bensayos de economía política /
_cF. Leal Buitrago, J. A. Bejarano, J. Vallejo [y 8 más]
260 _aBogotá :
_bPunta de Lanza,
_c1977
300 _a379 páginas ;
_c20 cm.
505 0 _tProblemas teóricos /
_rJesús Antonio Bejarano
_tContribución al debate sobre el problema agrario /
_rJesús Antonio Bejarano
_tProblemas de método en el estudio de la cuestión agraria /
_rJorge Vallejo Murillo
520 3 _aOnce científicos sociales describen, analizan y diagnostican la situación rural colombiana, desde el punto de vista económico, social y político. Resultado de un seminario científico nacional.
650 1 4 _aAgricultura
_xaspectos económicos
_zColombia
_97065
650 1 4 _aPolítica económica
_97066
700 1 _aBejarano, J. A.,
_eautor
_97067
700 1 _avallejo, J.,
_eautor
_97068
942 _2ddc
_cBK
999 _c3637
_d3637